000 00635nam a2200277Ia 4500
005 20260324150805.0
008 008 260324s9999 xx 000 0 eng d
020 _a9781003559443
037 _aEBOOK
040 _aCRL
040 _beng
040 _cCRL
041 _2eng
041 _aeng
084 _qCRL
100 _aE. O. Lorimer
_91227613
245 0 _aLanguage Hunting in the Karakoram
260 _bTaylor and Francis
260 _c1939
365 _a
365 _b165
856 _uhttp://www.taylorfrancis.com/books/9781003559443
942 _cEBOOK
999 _c1837710
_d1837710